Loading...
Beliefs | 0 | 3 | 1 | 1 | 25 | 101 | 124.00 | 0 | 3 |
Fine Arts - Visual Fine Arts | 0 | 2 | 0 | 2 | 20 | 140 | 141.50 | 0 | 2 |
Literature - American Literature | 0 | 2 | 0 | 0 | 20 | 114 | 116.00 | 1 | 2 |
Fine Arts - Auditory Fine Arts | 0 | 1 | 0 | 0 | 10 | 89 | 89.00 | 0 | 1 |
Science - Biology | 0 | 1 | 0 | 0 | 10 | 122 | 122.00 | 0 | 0 |
Social Science | 0 | 1 | 0 | 0 | 10 | 69 | 69.00 | 1 | 1 |
British and Commonwealth History | 0 | 1 | 0 | 0 | 10 | 105 | 105.00 | 0 | 0 |
Science - Physics | 0 | 1 | 0 | 0 | 10 | 114 | 114.00 | 0 | 1 |
Other Arts: Visual | 0 | 1 | 0 | 0 | 10 | 113 | 113.00 | 0 | 1 |
Philosophy | 0 | 1 | 0 | 0 | 10 | 101 | 101.00 | 0 | 0 |
Literature - British Literature | 0 | 1 | 1 | 0 | 5 | 162 | 162.00 | 0 | 0 |
World and Other Literature | 0 | 0 | 1 | 0 | -5 | 0.00 | 0 | 0 | |
History - World History | 0 | 0 | 1 | 0 | -5 | 0.00 | 0 | 0 | |
Ancient History and Archaeology | 0 | 0 | 1 | 0 | -5 | 0.00 | 0 | 0 |